Normal view MARC view
  • Scotland

Entry Corporate Name

Number of records used in: 2

001 - CONTROL NUMBER

  • control field: 5987

003 - CONTROL NUMBER IDENTIFIER

  • control field: OSt

005 - DATE AND TIME OF LATEST TRANSACTION

  • control field: 20190806150248.0

008 - FIXED-LENGTH DATA ELEMENTS

  • fixed length control field: 111114n| acannaabn |n ana d

040 ## - CATALOGING SOURCE

  • Original cataloging agency: OSt
  • Transcribing agency: OSt

110 2# - HEADING--CORPORATE NAME

  • Corporate name or jurisdiction name as entry element: Scotland
  • Subordinate unit: Scottish Parliament

670 ## - SOURCE DATA FOUND

  • Source citation: Committee asks for views on proposed agricultural holdings legislation, 2011